000 00642nam a22002177a 4500
003 UA-OsUOA
001 36324
007 ta
008 20060912b un ||||| |||| 00| 0 ukr d
090 _a016(477)
_bП27
942 _cBK
040 _aUA-OsUOA
_bukr
_cUA-OsUOA
_dUA-OsUOA
245 _aПеріодика Західної України 20-30-х рр. ХХ ст.
_bМатеріали до бібліографії
_c2
300 _a359 с.
955 _a1
041 _aukr
080 _a016(477)
260 _aЛьвів
_c1999
650 7 _a01 Бібліографія і бібліографії. Каталоги
_2UDC
999 _c434856
_d434856